000 00361pab a2200145 454500
008 180718b1987 xxu||||| |||| 00| 0 eng d
100 _aDabana, S.
245 _aBudgetary control system - some behavioural problems
260 _c1987
300 _a427-31,39
362 _aNov.
650 _aBudgetary Control
773 _aChartered Accountant
909 _a4884
999 _c4884
_d4884